<?xml version="1.0" encoding="UTF-8"?>
<record
    xmlns:xsi="http://www.w3.org/2001/XMLSchema-instance"
    xsi:schemaLocation="http://www.loc.gov/MARC21/slim http://www.loc.gov/standards/marcxml/schema/MARC21slim.xsd"
    xmlns="http://www.loc.gov/MARC21/slim">

  <leader>02286nam a2200481 a 4500</leader>
  <controlfield tag="005">20240704131421.0</controlfield>
  <controlfield tag="008">100311t2006||||sp     f |||| 001 0 spa d</controlfield>
  <datafield tag="020" ind1=" " ind2=" ">
    <subfield code="a">9500604485</subfield>
  </datafield>
  <datafield tag="041" ind1=" " ind2=" ">
    <subfield code="a">spa</subfield>
  </datafield>
  <datafield tag="092" ind1=" " ind2=" ">
    <subfield code="c">616.89</subfield>
    <subfield code="l">84</subfield>
    <subfield code="s">TRA</subfield>
  </datafield>
  <datafield tag="245" ind1=" " ind2=" ">
    <subfield code="a">Trastornos bipolares.</subfield>
    <subfield code="b">Conceptos cl&#xED;nicos, neurobiol&#xF3;gicos y terap&#xE9;uticos /</subfield>
    <subfield code="c">Hagop S. Akiskal.</subfield>
  </datafield>
  <datafield tag="250" ind1=" " ind2=" ">
    <subfield code="a">1a ed.</subfield>
  </datafield>
  <datafield tag="260" ind1=" " ind2=" ">
    <subfield code="a">Buenos Aires: </subfield>
    <subfield code="b">Editorial M&#xE9;dica Panamericana;</subfield>
    <subfield code="c">2006.</subfield>
  </datafield>
  <datafield tag="300" ind1=" " ind2=" ">
    <subfield code="a">356 p.</subfield>
    <subfield code="c">25x18 cm.</subfield>
  </datafield>
  <datafield tag="500" ind1=" " ind2=" ">
    <subfield code="a">Akiskal, H. S. et al. (2006). Trastornos bipolares. Conceptos cl&#xED;nicos, neurobiol&#xF3;gicos y terap&#xE9;uticos. Buenos Aires : Editorial M&#xE9;dica panamericana.</subfield>
  </datafield>
  <datafield tag="590" ind1=" " ind2=" ">
    <subfield code="a">Donaci&#xF3;n Noviembre 2018</subfield>
  </datafield>
  <datafield tag="653" ind1=" " ind2="3">
    <subfield code="a">La nueva era bipolar</subfield>
  </datafield>
  <datafield tag="653" ind1=" " ind2=" ">
    <subfield code="a">Trastorno bipolar: desarrollo hist&#xF3;rico y conceptual</subfield>
  </datafield>
  <datafield tag="653" ind1=" " ind2=" ">
    <subfield code="a">Psicoeducaci&#xF3;n en los trastornos bipolares: un tratamiento consolidado y eficaz</subfield>
  </datafield>
  <datafield tag="653" ind1=" " ind2=" ">
    <subfield code="a">Costos e impacto sanitario de los trastornos bipolares</subfield>
  </datafield>
  <datafield tag="653" ind1=" " ind2=" ">
    <subfield code="a">Euforias y estados mixtos</subfield>
  </datafield>
  <datafield tag="653" ind1=" " ind2=" ">
    <subfield code="a">Depresi&#xF3;n bipolar</subfield>
  </datafield>
  <datafield tag="653" ind1=" " ind2=" ">
    <subfield code="a">Comportamientos suicidas y trastornos bipolares. Manejo terap&#xE9;utico y preventivo</subfield>
  </datafield>
  <datafield tag="653" ind1="4" ind2=" ">
    <subfield code="a">Los temperamentos afectivos en el trastorno bipolar</subfield>
  </datafield>
  <datafield tag="653" ind1=" " ind2=" ">
    <subfield code="a">Psicopatolog&#xED;a de las psicosis cicloides</subfield>
  </datafield>
  <datafield tag="653" ind1=" " ind2=" ">
    <subfield code="a">Aspectos neurobiologicos de las psicosis cicloides</subfield>
  </datafield>
  <datafield tag="653" ind1=" " ind2=" ">
    <subfield code="a">Trastorno bipolar infanto juvenil</subfield>
  </datafield>
  <datafield tag="653" ind1=" " ind2=" ">
    <subfield code="a">Mecanismos de acci&#xF3;n sin&#xE1;pticos, citoplasm&#xE1;ticos y neutr&#xF3;ficos de los estabilizadores del &#xE1;nimo</subfield>
  </datafield>
  <datafield tag="653" ind1=" " ind2=" ">
    <subfield code="a">Gen&#xE9;tica del trastorno bipolar</subfield>
  </datafield>
  <datafield tag="653" ind1=" " ind2=" ">
    <subfield code="a">Neurobiolog&#xED;a celular y molecular del trastorno bipolar</subfield>
  </datafield>
  <datafield tag="653" ind1="4" ind2=" ">
    <subfield code="a">Las sales de litio en el tratamiento del trastorno bipolar</subfield>
  </datafield>
  <datafield tag="653" ind1=" " ind2=" ">
    <subfield code="a">Bases farmacol&#xF3;gicas del tratamiento del trastorno bipolar</subfield>
  </datafield>
  <datafield tag="653" ind1=" " ind2=" ">
    <subfield code="a">Interacciones de los estabilizadores del &#xE1;nimo</subfield>
  </datafield>
  <datafield tag="653" ind1=" " ind2=" ">
    <subfield code="a">Abordaje psicoterap&#xE9;utico del trastorno bipolar: una nueva era de tratamientos espec&#xED;ficos basados en la evidencia</subfield>
  </datafield>
  <datafield tag="653" ind1=" " ind2=" ">
    <subfield code="a">Grupos de usuarios en la Argentina</subfield>
  </datafield>
  <datafield tag="700" ind1="1" ind2=" ">
    <subfield code="a">Akiskal, Hagop S.</subfield>
    <subfield code="9">3981</subfield>
  </datafield>
  <datafield tag="700" ind1="1" ind2=" ">
    <subfield code="a">Cetkovich-Bakmas, Marcelo G.</subfield>
    <subfield code="9">3982</subfield>
  </datafield>
  <datafield tag="700" ind1="1" ind2=" ">
    <subfield code="a">Garcia-Bonetti, Gerardo</subfield>
    <subfield code="9">3983</subfield>
  </datafield>
  <datafield tag="700" ind1="1" ind2=" ">
    <subfield code="a">Strejilevich, Sergio A.</subfield>
    <subfield code="9">3984</subfield>
  </datafield>
  <datafield tag="700" ind1="1" ind2=" ">
    <subfield code="a">V&#xE1;zquez, Gustavo H.</subfield>
    <subfield code="9">3985</subfield>
  </datafield>
  <datafield tag="700" ind1="1" ind2=" ">
    <subfield code="a">Garbini, Marcelo</subfield>
    <subfield code="9">3986</subfield>
  </datafield>
  <datafield tag="942" ind1=" " ind2=" ">
    <subfield code="2">ddc</subfield>
    <subfield code="c">BK</subfield>
  </datafield>
  <datafield tag="999" ind1=" " ind2=" ">
    <subfield code="c">2827</subfield>
    <subfield code="d">2827</subfield>
  </datafield>
  <datafield tag="952" ind1=" " ind2=" ">
    <subfield code="0">0</subfield>
    <subfield code="1">0</subfield>
    <subfield code="2">ddc</subfield>
    <subfield code="4">0</subfield>
    <subfield code="7">0</subfield>
    <subfield code="a">BFM</subfield>
    <subfield code="b">BFM</subfield>
    <subfield code="c">CR</subfield>
    <subfield code="d">2018-11-16</subfield>
    <subfield code="e">Donaci&#xF3;n Nov. 2018</subfield>
    <subfield code="l">2</subfield>
    <subfield code="o">616.89 84 TRA </subfield>
    <subfield code="p">4347</subfield>
    <subfield code="r">2024-08-01</subfield>
    <subfield code="s">2024-07-29</subfield>
    <subfield code="t">Ej. 1</subfield>
    <subfield code="w">2018-11-16</subfield>
    <subfield code="y">BK</subfield>
    <subfield code="z">Donaci&#xF3;n Nov. 2018</subfield>
  </datafield>
</record>
